Les meilleurs joueurs sur FC 25 - Statistiques

Statistiques générales
  • Ce quiz a été pris 1 793 fois
  • Le résultat moyen est 21 sur 27
Statistiques - réponses
Note Joueurs Club % Correct
91 Kylian Mbappé Real Madrid
99%
91 Erling Haaland Manchester City
96%
90 Vinicius Jr Real Madrid
95%
89 Mohamed Salah Liverpool
93%
91 Rodri Manchester City
93%
90 Harry Kane Bayern Munich
88%
90 Jude Bellingham Real Madrid
87%
90 Kevin De Bruyne Manchester City
87%
89 Thibaut Courtois Real Madrid
86%
88 Lionel Messi Inter Miami
85%
89 Gianluigi Donnarumma Paris Saint-Germain
81%
89 Virgil van Dijk Liverpool
80%
89 Alisson Liverpool
79%
89 Lautaro Martínez Inter Milan
78%
88 Antoine Griezmann Atletico Madrid
77%
88 Robert Lewandowski FC Barcelone
76%
88 Florian Wirtz Bayer Leverkusen
74%
89 Marc-André ter Stegen FC Barcelone
71%
89 Martin Ødegaard Arsenal
70%
88 Antonio Rüdiger Real Madrid
69%
88 Ederson Manchester City
68%
88 Rúben Dias Manchester City
68%
88 Federico Valverde Real Madrid
67%
88 Jan Oblak Atletico Madrid
67%
88 Phil Foden Manchester City
66%
88 Bernardo Silva Manchester City
62%
88 Gregor Kobel Borussia Dortmund
51%
Aucun quiz correspondant
Distribution des résultats
% des personnes avec chaque résultat
Percentile par nombre de réponses
Votre historique - résultats
Vous n’avez pas pris ce quiz